Nhân lực trẻ: Đào tạo và triển vọng; T2

Αποθηκεύτηκε σε:
Λεπτομέρειες βιβλιογραφικής εγγραφής
Μορφή: Βιβλίο
Γλώσσα:Undetermined
Έκδοση: Hà Nội Thanh Niên 1999
Θέματα:
Ετικέτες: Προσθήκη ετικέτας
Δεν υπάρχουν, Καταχωρήστε ετικέτα πρώτοι!
Thư viện lưu trữ: Trung tâm Học liệu Trường Đại học Cần Thơ
LEADER 00432nam a2200145Ia 4500
001 CTU_35374
008 210402s9999 xx 000 0 und d
082 |a 371.425 
082 |b Nh121 
245 0 |a Nhân lực trẻ: Đào tạo và triển vọng; T2 
260 |a Hà Nội 
260 |b Thanh Niên 
260 |c 1999 
650 |a education,vocational guidance 
980 |a Trung tâm Học liệu Trường Đại học Cần Thơ